Data security and protection (Record no. 79802)
[ view plain ]
| 000 -LEADER | |
|---|---|
| fixed length control field | 00917cab a22002055a 4500 |
| 001 - CONTROL NUMBER | |
| control field | L142419 |
| 008 - FIXED-LENGTH DATA ELEMENTS--GENERAL INFORMATION | |
| fixed length control field | 080213s2008 xxk f 000 0 eng d |
| 035 ## - SYSTEM CONTROL NUMBER | |
| System control number | (Sirsi) u142419 |
| 041 0# - LANGUAGE CODE | |
| Language code of text/sound track or separate title | eng |
| 100 1# - MAIN ENTRY--PERSONAL NAME | |
| Personal name | Dyson, Andrew |
| 245 00 - TITLE STATEMENT | |
| Title | Data security and protection |
| Remainder of title | your responsibility |
| 260 ## - PUBLICATION, DISTRIBUTION, ETC. | |
| Date of publication, distribution, etc. | 2008 |
| 490 ## - SERIES STATEMENT | |
| Series statement | The Estate Agent |
| Volume/sequential designation | February 2008, 34-35(2) |
| 520 ## - SUMMARY, ETC. | |
| Summary, etc. | Provides an overview, aimed at estate agents, of the responsibilities organisations face in respect of protecting personal information. Provides an overview of the legal framework established by the Data Protection Act 1998. These responsibilities have been thrown into sharp focus by recent failings at both HM Revenue and Customs and Nationwide Building Society. |
| 590 ## - LOCAL NOTE (RLIN) | |
| Local note | KA |
| 650 24 - SUBJECT ADDED ENTRY--TOPICAL TERM | |
| Topical term or geographic name entry element | DATA PROTECTION ACT 1998 |
| 651 #4 - SUBJECT ADDED ENTRY--GEOGRAPHIC NAME | |
| Geographic name | United Kingdom |
| Chronological subdivision | |
| 690 ## - LOCAL SUBJECT ADDED ENTRY--TOPICAL TERM (OCLC, RLIN) | |
| Topical term or geographic name as entry element | MANAGEMENT-BUSINESS MANAGEMENT-INFORMATION MANAGEMENT |
| 942 ## - ADDED ENTRY ELEMENTS (KOHA) | |
| Suppress in OPAC | 0 |
| Withdrawn status | Lost status | Source of classification or shelving scheme | Damaged status | Not for loan | Home library | Current library | Shelving location | Date acquired | Total Checkouts | Full call number | Barcode | Date last seen | Copy number | Price effective from | Koha item type |
|---|---|---|---|---|---|---|---|---|---|---|---|---|---|---|---|
| Dewey Decimal Classification | London | London | Journal article | 13/02/2008 | L142419 | 142419-1001 | 06/08/2019 | 1 | 06/08/2019 | Journal article |